000 01702nam a2200385 a 4500
001 ebr10014698
003 CaPaEBR
006 m u
007 cr cn|||||||||
008 990921s2000 ne sb 101 0 eng
010 _z 99048486
020 _z1556196687
040 _aCaPaEBR
_cCaPaEBR
035 _a(OCoLC)70731713
041 0 _aeng
_amul
050 1 4 _aPM7801
_b.L36 2000eb
082 0 4 _a417/.22
_221
245 0 0 _aLanguage change and language contact in pidgins and creoles
_h[electronic resource] /
_cedited by John McWhorter.
260 _aAmsterdam ;
_aPhiladelphia :
_bJ. Benjamins,
_cc2000.
300 _avi, 503 p.
490 1 _aCreole language library,
_x0920-9026 ;
_vv. 21
500 _aFifteen papers selected from those presented at three consecutive meetings of the Society for Pidgin and Creole Linguistics, held Jan. 1996 in San Diego, Jan. 1997 in Chicago, and June 1997 in London.
504 _aIncludes bibliographical references and index.
533 _aElectronic reproduction.
_bPalo Alto, Calif. :
_cebrary,
_d2013.
_nAvailable via World Wide Web.
_nAccess may be limited to ebrary affiliated libraries.
546 _aIncludes examples in various creole and pidgin languages.
650 0 _aPidgin languages
_vCongresses.
650 0 _aCreole dialects
_vCongresses.
650 0 _aLanguages in contact
_vCongresses.
650 0 _aLinguistic change
_vCongresses.
655 7 _aElectronic books.
_2local
700 1 _aMcWhorter, John H.
710 2 _aebrary, Inc.
830 0 _aCreole language library ;
_vv. 21.
856 4 0 _uhttp://site.ebrary.com/lib/rucke/Doc?id=10014698
_zAn electronic book accessible through the World Wide Web; click to view
999 _c13237
_d13237